Material Aspects of Reading in Ancient and Medieval Cultures : Materiality, Presence and Performance.

The series Material Text Cultures is the publication organ of the Collaborative Research Center 933 of the same name at Heidelberg University, funded by the German Research Foundation (DFG). The series publishes collections and monographs dedicated to the Collaborative Research Center's main fo...

Full description

Bibliographic Details
Main Author: Krauß, Anna.
Other Authors: Leipziger, Jonas., Schücking-Jungblut, Friederike.
Format: eBook
Language:English
Published: Berlin/Boston : Walter de Gruyter GmbH, 2020.
Edition:1st ed.
Series:Materiale Textkulturen Series
Subjects:
Online Access:Click to View
LEADER 02834nam a22004093i 4500
001 EBC6209880
003 MiAaPQ
005 20231204023214.0
006 m o d |
007 cr cnu||||||||
008 231204s2020 xx o ||||0 eng d
020 |a 9783110639247  |q (electronic bk.) 
035 |a (MiAaPQ)EBC6209880 
035 |a (Au-PeEL)EBL6209880 
035 |a (OCoLC)1153499193 
040 |a MiAaPQ  |b eng  |e rda  |e pn  |c MiAaPQ  |d MiAaPQ 
100 1 |a Krauß, Anna. 
245 1 0 |a Material Aspects of Reading in Ancient and Medieval Cultures :  |b Materiality, Presence and Performance. 
250 |a 1st ed. 
264 1 |a Berlin/Boston :  |b Walter de Gruyter GmbH,  |c 2020. 
264 4 |c {copy}2020. 
300 |a 1 online resource (274 pages) 
336 |a text  |b txt  |2 rdacontent 
337 |a computer  |b c  |2 rdamedia 
338 |a online resource  |b cr  |2 rdacarrier 
490 1 |a Materiale Textkulturen Series ;  |v v.26 
505 0 |a Intro -- Acknowledgements -- Contents -- Material Aspects of Reading and Material Text Cultures -- Material Aspects of Rituals Beyond Their Instructions -- Scribal Production and Literacy at Qumran -- Scribal Habits and Scholarly Texts -- Reading Psalm and Prayer Manuscripts From Qumran -- Reading the Songs of the Sabbath Sacrifice -- Reading Material Features of Qumran Tefillin and Mezuzot -- Reading an Opisthograph at Qumran -- Codices des Typs C und die Anfänge des Blätterns -- Ancient Jewish Greek Practices of Reading and Their Material Aspects -- Reading Early New Testament Manuscripts -- What Ancient Christian Manuscripts Reveal About Reading (and About Non-Reading) -- Reading Regularly -- Encountering the Grotesque -- Notes on Contributors -- Indices. 
520 |a The series Material Text Cultures is the publication organ of the Collaborative Research Center 933 of the same name at Heidelberg University, funded by the German Research Foundation (DFG). The series publishes collections and monographs dedicated to the Collaborative Research Center's main focus of research - that is, the materiality and presence of writing in non-typographic societies. 
588 |a Description based on publisher supplied metadata and other sources. 
590 |a Electronic reproduction. Ann Arbor, Michigan : ProQuest Ebook Central, 2023. Available via World Wide Web. Access may be limited to ProQuest Ebook Central affiliated libraries.  
655 4 |a Electronic books. 
700 1 |a Leipziger, Jonas. 
700 1 |a Schücking-Jungblut, Friederike. 
776 0 8 |i Print version:  |a Krauß, Anna  |t Material Aspects of Reading in Ancient and Medieval Cultures  |d Berlin/Boston : Walter de Gruyter GmbH,c2020 
797 2 |a ProQuest (Firm) 
830 0 |a Materiale Textkulturen Series 
856 4 0 |u https://ebookcentral.proquest.com/lib/matrademy/detail.action?docID=6209880  |z Click to View